Pattern recognition and machine learning / (Record no. 594351)
[ view plain ]
| 000 -LEADER | |
|---|---|
| fixed length control field | 00907nam a22001697a 4500 |
| 003 - CONTROL NUMBER IDENTIFIER | |
| control field | NUST |
| 020 ## - INTERNATIONAL STANDARD BOOK NUMBER | |
| International Standard Book Number | 0387310738 |
| 082 ## - DEWEY DECIMAL CLASSIFICATION NUMBER | |
| Classification number | 621.399,BIS |
| 100 ## - MAIN ENTRY--PERSONAL NAME | |
| Personal name | M. Bishop, Christopher |
| 9 (RLIN) | 111483 |
| 245 ## - TITLE STATEMENT | |
| Title | Pattern recognition and machine learning / |
| Statement of responsibility, etc. | Christopher M. Bishop |
| 260 ## - PUBLICATION, DISTRIBUTION, ETC. | |
| Place of publication, distribution, etc. | Springer |
| Name of publisher, distributor, etc. | U.K |
| Date of publication, distribution, etc. | 2006 |
| 300 ## - PHYSICAL DESCRIPTION | |
| Extent | xix, 738 p |
| 505 ## - FORMATTED CONTENTS NOTE | |
| Formatted contents note | Introduction (Page-1), Probability Distributions (Page-67), Linear Models for Regression (Page-137), Linear Models for Classification (Page-179), Neural Networks (Page-225), Kernal Methods (Page-291), Sparse Keranal Machines (Page-325), Graphical Models (Page-359), Mixture Models and EM (Page-423), Approximate Inference (Page-461), Sampling Mehtods (Page-523), Continuosus Latent Variables (Page-559), Sequential Data (Page-605), Combining Models (Page-653). |
| 650 ## - SUBJECT ADDED ENTRY--TOPICAL TERM | |
| Topical term or geographic name entry element | Patern Recognition |
| 9 (RLIN) | 118244 |
| 651 ## - SUBJECT ADDED ENTRY--GEOGRAPHIC NAME | |
| Geographic name | Machine Learning |
| 9 (RLIN) | 118245 |
| 942 ## - ADDED ENTRY ELEMENTS (KOHA) | |
| Source of classification or shelving scheme | |
| Koha item type | Reference |
| Withdrawn status | Lost status | Source of classification or shelving scheme | Damaged status | Not for loan | Permanent Location | Current Location | Shelving location | Date acquired | Total Checkouts | Full call number | Barcode | Date last seen | Date last checked out | Price effective from | Koha item type | Public note |
|---|---|---|---|---|---|---|---|---|---|---|---|---|---|---|---|---|
| Military College of Signals (MCS) | Military College of Signals (MCS) | Reference | 03/28/2023 | 1 | 621.399,BIS | MCS33775 | 06/05/2024 | 05/06/2024 | 03/28/2023 | Reference | Almirah No.24, Shelf No.1 |
